000 00344nam a2200145Ia 4500
005 20250404055300.0
008 240331s9999 xx 000 0 und d
082 _bSEN
_a894
100 _aSengaiaaliyan,K
245 0 _aYaakakundam
260 _aJaffna
_bKamalam Pathippakam
_c1991
300 _aX, 127 p .,
650 _aShort Story
942 _cL
999 _c4251
_d4251